000 00541nam a2200193Ia 4500
008 131103s9999 xx 000 0 und d
020 _a140297979
_cGBP 5.99
040 _aLoreto College
041 _aEnglish
082 _a820.8/KER
_bLCLIB/45042
100 _aKermode, Frank
245 _aPleasing myself
_b from Beowulf to Philip Roth
_cFrank Kermode
260 _aLondon
_bPenguin Books
_c2001
300 _aix,278p
_c 19 cm
504 _aIncludes index
650 _aEnglish Literature
850 _aLCLIB/820.8/KER
942 _cBK
999 _c15365
_d65844